<?xml version="1.0" encoding="UTF-8"?>
<record
    xmlns:xsi="http://www.w3.org/2001/XMLSchema-instance"
    xsi:schemaLocation="http://www.loc.gov/MARC21/slim http://www.loc.gov/standards/marcxml/schema/MARC21slim.xsd"
    xmlns="http://www.loc.gov/MARC21/slim">

  <leader>01535nam a22002657a 4500</leader>
  <controlfield tag="003">OSt</controlfield>
  <controlfield tag="005">20250127182309.0</controlfield>
  <controlfield tag="008">250127b           ||||| |||| 00| 0 spa d</controlfield>
  <datafield tag="020" ind1=" " ind2=" ">
    <subfield code="a">9786287574052</subfield>
  </datafield>
  <datafield tag="040" ind1=" " ind2=" ">
    <subfield code="c">CO-Mq BPB</subfield>
  </datafield>
  <datafield tag="041" ind1=" " ind2=" ">
    <subfield code="a">spa</subfield>
  </datafield>
  <datafield tag="082" ind1=" " ind2=" ">
    <subfield code="a">AN</subfield>
    <subfield code="b">TOLs</subfield>
  </datafield>
  <datafield tag="100" ind1=" " ind2=" ">
    <subfield code="a">Tolkien, J.R.R. </subfield>
    <subfield code="e">1892-1973</subfield>
  </datafield>
  <datafield tag="245" ind1=" " ind2=" ">
    <subfield code="a">El se&#xF1;or de los anillos: </subfield>
    <subfield code="b">El retorno del rey / J. R. R. Tolkien.</subfield>
  </datafield>
  <datafield tag="250" ind1=" " ind2=" ">
    <subfield code="a">Vol.3</subfield>
  </datafield>
  <datafield tag="264" ind1=" " ind2=" ">
    <subfield code="a">Bogot&#xE1;:</subfield>
    <subfield code="b">Planeta;</subfield>
    <subfield code="c">2022</subfield>
  </datafield>
  <datafield tag="300" ind1=" " ind2=" ">
    <subfield code="a">603 p&#xE1;ginas:</subfield>
    <subfield code="b">Tapa blanda</subfield>
    <subfield code="c">19 cm</subfield>
  </datafield>
  <datafield tag="521" ind1=" " ind2=" ">
    <subfield code="a">Empieza tu viaje a la Tierra Media.Los libros que han inspirado la nueva serie EL SE&#xD1;OR DE LOS ANILLOS: LOS ANILLOS DEL PODER.La tercera entrega de la trilog&#xED;a El Se&#xF1;or de los Anillos.Los ej&#xE9;rcitos del Se&#xF1;or Oscuro van extendiendo cada vez m&#xE1;s su mal&#xE9;fica sombra por la Tierra Media. Hombres, elfos y enanos unen sus fuerzas para presentar batalla a Sauron y sus huestes. Ajenos a estos preparativos, Frodo y Sam siguen adentr&#xE1;ndose en el pa&#xED;s de Mordor en su heroico viaje para destruir el Anillo de Poder en las Grietas del Destino.&#xAB;Un final triunfante&#x2026; un gran trabajo, tanto en la concepci&#xF3;n como en la ejecuci&#xF3;n.&#xBB; &#x2014;Daily Telegraph&#xAB;Un trabajo extraordinariamente imaginativo, parte saga, parte alegor&#xED;a, y emocionante en su totalidad.&#xBB; &#x2014;The Times</subfield>
  </datafield>
  <datafield tag="650" ind1=" " ind2=" ">
    <subfield code="a">Novela fant&#xE1;stica inglesa  </subfield>
    <subfield code="y">Siglo XX</subfield>
  </datafield>
  <datafield tag="650" ind1=" " ind2=" ">
    <subfield code="a">Literatura adulto</subfield>
  </datafield>
  <datafield tag="650" ind1=" " ind2=" ">
    <subfield code="a">Novela cl&#xE1;sica de fantas&#xED;a heroica</subfield>
  </datafield>
  <datafield tag="700" ind1=" " ind2=" ">
    <subfield code="a">Horne, Matilde</subfield>
    <subfield code="e">traductora</subfield>
  </datafield>
  <datafield tag="700" ind1=" " ind2=" ">
    <subfield code="a">Dom&#xE9;nech, Luis</subfield>
    <subfield code="e">traductor</subfield>
  </datafield>
  <datafield tag="942" ind1=" " ind2=" ">
    <subfield code="2">ddc</subfield>
    <subfield code="c">BK</subfield>
  </datafield>
  <datafield tag="999" ind1=" " ind2=" ">
    <subfield code="c">15767</subfield>
    <subfield code="d">15767</subfield>
  </datafield>
  <datafield tag="952" ind1=" " ind2=" ">
    <subfield code="0">0</subfield>
    <subfield code="1">0</subfield>
    <subfield code="2">ddc</subfield>
    <subfield code="4">0</subfield>
    <subfield code="7">0</subfield>
    <subfield code="8">LA</subfield>
    <subfield code="a">BPMOS</subfield>
    <subfield code="b">BPMOS</subfield>
    <subfield code="c">FIC</subfield>
    <subfield code="d">2025-01-27</subfield>
    <subfield code="e">Compra 2024</subfield>
    <subfield code="i">NT</subfield>
    <subfield code="l">3</subfield>
    <subfield code="m">3</subfield>
    <subfield code="o">AN TOLs</subfield>
    <subfield code="p">MOS504029</subfield>
    <subfield code="q">2026-06-13</subfield>
    <subfield code="r">2026-05-11</subfield>
    <subfield code="s">2026-05-11</subfield>
    <subfield code="t">Vol.3 Ej.1</subfield>
    <subfield code="w">2025-01-27</subfield>
    <subfield code="y">BKLIT</subfield>
    <subfield code="z">Quince dias</subfield>
  </datafield>
  <datafield tag="952" ind1=" " ind2=" ">
    <subfield code="0">0</subfield>
    <subfield code="1">0</subfield>
    <subfield code="2">ddc</subfield>
    <subfield code="4">0</subfield>
    <subfield code="7">0</subfield>
    <subfield code="8">LA</subfield>
    <subfield code="a">BPMOS</subfield>
    <subfield code="b">BPMOS</subfield>
    <subfield code="c">FIC</subfield>
    <subfield code="d">2025-01-27</subfield>
    <subfield code="e">Compra 2024</subfield>
    <subfield code="i">NT</subfield>
    <subfield code="l">7</subfield>
    <subfield code="m">8</subfield>
    <subfield code="o">AN TOLs</subfield>
    <subfield code="p">MOS504030</subfield>
    <subfield code="q">2026-06-13</subfield>
    <subfield code="r">2026-05-11</subfield>
    <subfield code="s">2026-05-11</subfield>
    <subfield code="t">Vol.1 Ej.1</subfield>
    <subfield code="w">2025-01-27</subfield>
    <subfield code="y">BKLIT</subfield>
    <subfield code="z">Quince dias</subfield>
  </datafield>
  <datafield tag="952" ind1=" " ind2=" ">
    <subfield code="0">0</subfield>
    <subfield code="1">0</subfield>
    <subfield code="2">ddc</subfield>
    <subfield code="4">0</subfield>
    <subfield code="7">0</subfield>
    <subfield code="8">LA</subfield>
    <subfield code="a">BPMOS</subfield>
    <subfield code="b">BPMOS</subfield>
    <subfield code="c">FIC</subfield>
    <subfield code="d">2025-01-27</subfield>
    <subfield code="e">Compra 2024</subfield>
    <subfield code="i">NT</subfield>
    <subfield code="l">3</subfield>
    <subfield code="m">3</subfield>
    <subfield code="o">AN TOLs</subfield>
    <subfield code="p">MOS504031</subfield>
    <subfield code="q">2026-06-13</subfield>
    <subfield code="r">2026-05-11</subfield>
    <subfield code="s">2026-05-11</subfield>
    <subfield code="t">Vol.2 Ej.1</subfield>
    <subfield code="w">2025-01-27</subfield>
    <subfield code="y">BKLIT</subfield>
    <subfield code="z">Quince dias</subfield>
  </datafield>
</record>
